Decay of stone at the Palace of Westminster (Record no. 84996)

MARC details
000 -LEADER
fixed length control field 01605cad a22002655a 4500
001 - CONTROL NUMBER
control field L159820
008 - FIXED-LENGTH DATA ELEMENTS--GENERAL INFORMATION
fixed length control field 180221s1862 xxk f 000 0 eng d
035 ## - SYSTEM CONTROL NUMBER
System control number (Sirsi) u159820
041 ## - LANGUAGE CODE
Language code of text/sound track or separate title eng
050 ## - LIBRARY OF CONGRESS CALL NUMBER
Classification number 690
245 ## - TITLE STATEMENT
Title Decay of stone at the Palace of Westminster
Medium [electronic resource]
260 ## - PUBLICATION, DISTRIBUTION, ETC.
Place of publication, distribution, etc. Philadelphia
Name of publisher, distributor, etc. Franklin Institute
Date of publication, distribution, etc. 1862
490 ## - SERIES STATEMENT
Series statement Journal of the Franklin Institute
Volume/sequential designation January 1862, 73(3rd series v 43), 3-16(14)
520 ## - SUMMARY, ETC.
Summary, etc. The report of the committee appointed to inquire into the decay of the stonework in the New Palace of Westminster, and into the best means of preserving the stone from further injury. The report focuses on four main points of enquiry. The extent and position of the decay. The causes to which it is attributable, taking into consideration the composition of the stone, and the influence exerted upon it by moisture and by the acids diffused in the London atmosphere. The best means of preserving the stone from further injury. The qualities of the stones to be recommended for future use in, public buildings to be erected in London.
650 ## - SUBJECT ADDED ENTRY--TOPICAL TERM
Topical term or geographic name entry element MASONRY
650 ## - SUBJECT ADDED ENTRY--TOPICAL TERM
Topical term or geographic name entry element STONE CONSERVATION
650 ## - SUBJECT ADDED ENTRY--TOPICAL TERM
Topical term or geographic name entry element STONE DECAY
650 ## - SUBJECT ADDED ENTRY--TOPICAL TERM
Topical term or geographic name entry element BUILT ENVIRONMENT-BUILDING MATERIALS-STONE
651 #4 - SUBJECT ADDED ENTRY--GEOGRAPHIC NAME
Geographic name ENGLAND AND WALES
690 ## - LOCAL SUBJECT ADDED ENTRY--TOPICAL TERM (OCLC, RLIN)
Topical term or geographic name as entry element CONSERVATION
856 40 - ELECTRONIC LOCATION AND ACCESS
Uniform Resource Identifier <a href="https://archive.org/download/journalfranklini73fran/journalfranklini73fran.pdf">https://archive.org/download/journalfranklini73fran/journalfranklini73fran.pdf</a>
Public note View the PDF of the report free at archive.org
856 40 - ELECTRONIC LOCATION AND ACCESS
Uniform Resource Identifier <a href="https://archive.org/details/journalfranklini73fran">https://archive.org/details/journalfranklini73fran</a>
Public note View the other formats of the report free at archive.org
942 ## - ADDED ENTRY ELEMENTS (KOHA)
Suppress in OPAC 0
948 ## - LOCAL PROCESSING INFORMATION (OCLC); SERIES PART DESIGNATOR (RLIN)
c (OCLC) 04/03/1997
Holdings
Withdrawn status Lost status Source of classification or shelving scheme Damaged status Not for loan Home library Current library Shelving location Date acquired Total Checkouts Full call number Barcode Date last seen Copy number Price effective from Koha item type
    Dewey Decimal Classification     Virtual Virtual Journal article 21/02/2018   L159820 159820-2001 06/08/2019 1 06/08/2019 Journal article